| 000 -LEADER |
| fixed length control field |
00456nam a22001577a 4500 |
| 008 - FIXED-LENGTH DATA ELEMENTS--GENERAL INFORMATION |
| fixed length control field |
210115b ||||| |||| 00| 0 eng d |
| 082 00 - DEWEY DECIMAL CLASSIFICATION NUMBER |
| Classification number |
669.95 |
| Item number |
C5213 |
| 100 ## - MAIN ENTRY--PERSONAL NAME |
| 9 (RLIN) |
4225 |
| Personal name |
Cherepin, V. I. |
| 245 10 - TITLE STATEMENT |
| Title |
Experimental techniques in physical metallurgy |
| 260 ## - PUBLICATION, DISTRIBUTION, ETC. (IMPRINT) |
| Place of publication, distribution, etc |
calcutta |
| Name of publisher, distributor, etc |
Asia Publishing house |
| Date of publication, distribution, etc |
1967 |
| 300 ## - PHYSICAL DESCRIPTION |
| Extent |
xi,428 p. |
| 365 ## - TRADE PRICE |
| Unit of pricing |
30.00 |
| 650 #0 - SUBJECT ADDED ENTRY--TOPICAL TERM |
| Topical term or geographic name as entry element |
Physical Metallurgy |
| 700 ## - ADDED ENTRY--PERSONAL NAME |
| 9 (RLIN) |
2187 |
| Personal name |
Mallik, A.K. |
| 942 ## - ADDED ENTRY ELEMENTS (KOHA) |
| Item type |
Books |